000 00442nam a22001337a 4500
082 _a528
_bNAU
_cL-31, P-29
100 _aHer Majesty's Stationery Off
_939701
245 _aThe nautical almanac and astronomical ephemeris for the year 1955
_cHer Majesty's Stationery Off
260 _aLondon
_bHer Majesty's Stationery Off
_c1955
300 _avii, 567p.
526 _a0
_b0
_c0
_d528_000000000000000_NAU
650 _aMCE
_9379
942 _2ddc
_cBK
999 _c544145
_d544145